Pays, États non-reconnus et Territoires d'Europe - Statistiques

Statistiques générales
  • Ce quiz a été pris 1 822 fois
  • Le résultat moyen est 47 sur 57
Réponses sur la Carte
Les réponses sont colorées sur une échelle allant du rouge au vert en fonction du pourcentage des utilisateurs qui les ont devinées à leur premier essai. Vous pouvez retrouver ces pourcentages ci-dessous.
 
Statistiques - réponses
Réponses % Correct
France
96%
Espagne
95%
Irlande
95%
Allemagne
94%
Belgique
94%
Islande
94%
Italie
94%
Norvège
94%
Portugal
94%
Royaume- Uni
94%
Russie
94%
Suède
94%
Suisse
94%
Autriche
93%
Biélorussie
93%
Danemark
93%
Estonie
93%
Finlande
93%
Grèce
93%
Lettonie
93%
Lituanie
93%
Luxembourg
93%
Pays-Bas
93%
Pologne
93%
Ukraine
93%
Chypre
92%
Croatie
92%
Hongrie
92%
République Tchèque
92%
Roumanie
92%
Slovaquie
92%
Slovénie
92%
Albanie
91%
Kosovo
91%
Macédoine du Nord
91%
Malte
91%
Serbie
91%
Andorre
90%
Bosnie-Herzégovine
90%
Bulgarie
90%
Monténégro
89%
Moldavie
88%
Vatican
87%
Liechtenstein
86%
Monaco
86%
Saint-Marin
86%
Îles Féroé
71%
Chypre du nord
64%
Gibraltar
55%
Île de Man
55%
Jersey
51%
Transnistrie
48%
Guernesey
47%
Svalbard et Jan Mayen
39%
Açores
36%
Åland
28%
Akrotiri et Dhekelia
7%
Aucun quiz correspondant
Distribution des résultats
% des personnes avec chaque résultat
Percentile par nombre de réponses
Votre historique - résultats
Vous n’avez pas pris ce quiz